Finančné vzdelávanie a finančná gramotnosť na VŠ bakalárska práca

Gespeichert in:
Bibliographische Detailangaben
1. Verfasser: Kazienková, Veronika
Körperschaft: Podnikovohospodárska fakulta EU so sídlom v Košiciach. Katedra ekonómie
Weitere Verfasser: Bačová, Monika
Format: Buch
Sprache:Slowakisch
Veröffentlicht: Košice 2013
Tags: Tag hinzufügen
Keine Tags, Fügen Sie das erste Tag hinzu!

MARC

LEADER 00000nbm a2200000 4500
001 0172276
005 20240827092319.4
041 0 |a slo 
044 |a SK 
245 1 0 |a Finančné vzdelávanie a finančná gramotnosť na VŠ  |b bakalárska práca  |c Veronika Kazienková ; školiteľ: Monika Bačová 
264 1 |a Košice  |c 2013 
300 |a 51 s. 
100 1 |a Kazienková, Veronika 
700 1 |a Bačová, Monika 
710 2 |a Podnikovohospodárska fakulta EU so sídlom v Košiciach. Katedra ekonómie